<?xml version="1.0" encoding="UTF-8"?>
<marc:record xmlns:marc="http://www.loc.gov/MARC21/slim">
   <marc:leader>00000nam a2200000 a 4500</marc:leader>
   <marc:datafield ind1="1" ind2=" " tag="100">
      <marc:subfield code="a">Finkelstein, Norman G.</marc:subfield>
      <marc:subfield code="4">aut</marc:subfield>
      <marc:subfield code="e">Verfasser/-in</marc:subfield>
   </marc:datafield>
   <marc:datafield ind1=" " ind2=" " tag="653">
      <marc:subfield code="a">Antisemitismus</marc:subfield>
   </marc:datafield>
   <marc:datafield ind1=" " ind2=" " tag="653">
      <marc:subfield code="a">Palästinenser</marc:subfield>
   </marc:datafield>
   <marc:datafield ind1="0" ind2="0" tag="245">
      <marc:subfield code="a">Antisemitismus als politische Waffe</marc:subfield>
   </marc:datafield>
   <marc:datafield ind1="0" ind2="0" tag="245">
      <marc:subfield code="b">Israel, Amerika und der Mißbrauch der Geschichte</marc:subfield>
   </marc:datafield>
   <marc:datafield ind1="0" ind2="0" tag="245">
      <marc:subfield code="c">Norman G. Finkelstein. Aus dem Amerikan. von Maren Hackmann</marc:subfield>
   </marc:datafield>
   <marc:datafield ind1=" " ind2="1" tag="264">
      <marc:subfield code="a">München [u.a.]</marc:subfield>
      <marc:subfield code="b">Piper</marc:subfield>
      <marc:subfield code="c">2006</marc:subfield>
   </marc:datafield>
   <marc:datafield ind1="1" ind2=" " tag="520">
      <marc:subfield code="a">Nach seinem vieldiskutierten Bucherfolg "Die Holocaust Industrie" setzt sich Norman G. Finkelstein erneut mit einem sehr umstrittenen Thema auseinander: dem Mißbrauch des Antisemitismus-Vorwurfs als politische Waffe. Immer wieder, so Finkelstein, werden Kritiker, die Israel eine menschenrechtsmissachtende Politik gegenüber den Palästinensern vorwerfen, als Antisemiten hingestellt. Im Detail belegt er, warum diese Kritik an Israel richtig und sogar notwendig ist.</marc:subfield>
   </marc:datafield>
   <marc:datafield ind1=" " ind2=" " tag="020">
      <marc:subfield code="a">3495048618</marc:subfield>
      <marc:subfield code="9">3495048618</marc:subfield>
   </marc:datafield>
   <marc:datafield ind1=" " ind2=" " tag="300">
      <marc:subfield code="a">387 S.</marc:subfield>
   </marc:datafield>
</marc:record>
